Chính sách đối ngoại của Trung Quốc đối với Việt Nam giai đoạn 1954-1975 /
Tong quan ve Trung Quoc va quan he Trung-Viet giai đoạn trươc năm 1954
Đã lưu trong:
| Tác giả chính: | |
|---|---|
| Tác giả khác: | |
| Định dạng: | Luận văn |
| Ngôn ngữ: | Vietnamese |
| Được phát hành: |
ĐHĐN-Trương ĐH ngoai ngữ,
2012.
|
| Những chủ đề: | |
| Các nhãn: |
Thêm thẻ
Không có thẻ, Là người đầu tiên thẻ bản ghi này!
|
| Thư viện lưu trữ: | Mạng thư viện Đại học Đà Nẵng |
|---|
| LEADER | 01723na a2200373 4500 | ||
|---|---|---|---|
| 001 | 000030780 | ||
| 003 | 4499 | ||
| 005 | 20230404162704.0 | ||
| 008 | 151001s2012 000 vie | ||
| 040 | |a LNN | ||
| 041 | |a vie | ||
| 082 | |a 959.73 |b HU-B | ||
| 100 | |a Huỳnh Thanh Bình | ||
| 245 | 0 | |a Chính sách đối ngoại của Trung Quốc đối với Việt Nam giai đoạn 1954-1975 / |c Huỳnh Thanh Bình. | |
| 246 | |a Luan văn tot nghiep | ||
| 260 | |b ĐHĐN-Trương ĐH ngoai ngữ, |c 2012. | ||
| 300 | |a 30cm : |b 49 tr;. | ||
| 502 | |a Luan văn sinh vien | ||
| 505 | |a Chuyen nghanh Quoc te hoc | ||
| 520 | |a Tong quan ve Trung Quoc va quan he Trung-Viet giai đoạn trươc năm 1954 |x Viet nam,chinh sach đoi ngoai cua Trung Quoc giai đoạn 1954-1975 |y Đanh gia moi quan he Trung Quoc -Viet Nam va trien vong quan he Viet-Trung trong the ky 21. | ||
| 650 | |a Chinh sach đoi ngoai Trung Quoc |b Viet nam |c 1954-1975 | ||
| 653 | 0 | 1 | |a Chính sách đối ngoại của Trung Quốc đối với Việt Nam giai đoạn 1954-1975, đối ngoại, xã hội, chính sách, trung quốc, việt nam-trung quốc, Huỳnh Thanh Bình, 2012 |
| 700 | |a ThS.Tran Thi Thu |B huong dan | ||
| 852 | |b Luan văn tot nghiep SV |c Khoa Quoc te hoc | ||
| OWN | |a LNN | ||
| AVA | |a UDN50 |b LNN |d 959.73 HU-B |e available |t Error 5001 Not defined in file expand_doc_bib_avail. |f 2 |g 0 |h N |i 0 | ||
| 999 | |a From the UDN01 | ||
| AVA | |a UDN50 |b LNN |d 959.73 HU-B |e available |t Error 5001 Not defined in file expand_doc_bib_avail. |f 2 |g 0 |h N |i 0 | ||
| TYP | |a Dissertation | ||
| TYP | |a Printed language | ||
| 980 | |a Mạng thư viện Đại học Đà Nẵng | ||